Vainqueurs de la Carabao Cup - Statistiques

Statistiques générales
  • Ce quiz a été pris 45 fois
    9 depuis la dernière actualisation
  • Le résultat moyen est 49 sur 65
Statistiques - réponses
Année Vainqueur % Correct
1993 Arsenal FC
100%
1987 Arsenal FC
100%
2015 Chelsea FC
100%
2007 Chelsea FC
100%
2005 Chelsea FC
100%
1998 Chelsea FC
100%
1965 Chelsea FC
100%
2024 Liverpool FC
100%
2022 Liverpool FC
100%
2012 Liverpool FC
100%
2003 Liverpool FC
100%
2001 Liverpool FC
100%
1995 Liverpool FC
100%
1984 Liverpool FC
100%
1983 Liverpool FC
100%
1982 Liverpool FC
100%
1981 Liverpool FC
100%
2021 Manchester City
100%
2020 Manchester City
100%
2019 Manchester City
100%
2018 Manchester City
100%
2016 Manchester City
100%
2014 Manchester City
100%
1976 Manchester City
100%
1970 Manchester City
100%
2025 Newcastle United
100%
1996 Aston Villa
88%
1994 Aston Villa
88%
1977 Aston Villa
88%
1975 Aston Villa
88%
1961 Aston Villa
88%
2023 Manchester United
88%
2017 Manchester United
88%
2010 Manchester United
88%
2009 Manchester United
88%
2006 Manchester United
88%
1992 Manchester United
88%
1968 Leeds United
75%
1990 Nottingham Forest
75%
1989 Nottingham Forest
75%
1979 Nottingham Forest
75%
1978 Nottingham Forest
75%
2008 Tottenham Hotspur
75%
1999 Tottenham Hotspur
75%
1973 Tottenham Hotspur
75%
1971 Tottenham Hotspur
75%
2000 Leicester City
63%
1997 Leicester City
63%
1964 Leicester City
63%
1991 Sheffield Wednesday
63%
2002 Blackburn Rovers
50%
2011 Birmingham City
38%
1963 Birmingham City
38%
1972 Stoke City
38%
2013 Swansea City
38%
1966 West Bromwich Albion
38%
1980 Wolverhampton Wanderers
38%
1974 Wolverhampton Wanderers
38%
1988 Luton Town
25%
1985 Norwich City
25%
1962 Norwich City
25%
1986 Oxford United
25%
2004 Middlesbrough FC
13%
1967 Queens Park Rangers
13%
1969 Swindon Town
0%
Aucun quiz correspondant
Distribution des résultats
% des personnes avec chaque résultat
Percentile par nombre de réponses
Votre historique - résultats
Vous n’avez pas pris ce quiz depuis la dernière actualisation